Části a mechanismy strojů /

Na minha lista:
Detalhes bibliográficos
Autor principal: Boháček, František (Author)
Formato: Livro
Idioma:tcheco
idiomas múltiplos
Publicado em: Brno : Vysoké učení technické v Brně, 1987
Edição:2. vyd.
Tags: Adicionar Tag
Sem tags, seja o primeiro a adicionar uma tag!

MARC

LEADER 00000nam a22000003a 4500
001 stu30964
005 20150617225736.0
008 930215s1987----cs------------------cze-d
040 |a STU  |b slo 
041 0 |a cze  |a mul 
044 |a cs 
080 |a 621.89 
100 1 |a Boháček, František  |4 aut 
245 1 |a Části a mechanismy strojů /  |c [aut.] Boháček,František 
250 |a 2. vyd. 
260 |a Brno :  |b Vysoké učení technické v Brně,  |c 1987 
300 |a 215 s 
996 |b 284J002576  |c J*91983  |l JJST  |s P  |a 0  |w stu30964_0001 
996 |b 284J002577  |c J*91984  |l JJST  |s P  |a 0  |w stu30964_0002